Cats are Time by Aura - Statistics

General Stats
  • This quiz has been taken 1 time
  • The average score is 0 of 17
Answer Stats
Shape 1 Shape 2 Coulor 1 Coulor 2 Opacity Vigor Size Answer % Correct
Liquid Heart White Black 30% Sluggish Medium Achilles
0%
Beam Flames Purple Orange 10% Slow Medium Arora
0%
Liquid Eminence Purple Green 70% Stagnant Small Asani
0%
Pyramid Glow Red Pink 10% Mid-Fast Huge Benji
0%
Flames Diamond Black Blue 10% Expeditious Large Ekaterina
0%
Diamond Flames White Purple 90% Expeditious Tiny Felix
0%
Beam Tornado Yellow White 90% Mid-Slow Large Francis
0%
Tornado Cube Blue Black 50% Fast Medium Georgia
0%
Diamond Tornado White Blue 10% Fast Medium Lemon
0%
Glow Vortex Pink Black 70% Slow Small Luna
0%
Cube Flames Red Blue 10% Mid-Fast Large Lyra
0%
Heart Flames Pink Red 70% Mid-Slow Tiny Magnus
0%
Tornado Flames Yellow Pink 50% Rapid Huge Maxine
0%
Vortex Liquid Red White 10% Rapid Medium Paelius
0%
Pyramid Glow Yellow Green 70% Expeditious Huge Rus
0%
Pyramid Vortex Green Orange 30% Rapid Huge Stubbins
0%
Eminence Liquid Black Blue 30% Sluggish Large Viktor
0%
No matching quizzes found
Score Distribution
Percent of People with Each Score
Percentile by Number Answered
Your Score History
You have not taken this quiz